[Event "Mexican op 53rd"]
[Site "Aguascalientes"]
[Date "2007.04.05"]
[Round "4"]
[White "Estrada Nieto, Julian"]
[Black "Zavalza Ramirez, Ivan"]
[Result "1-0"]
[WhiteElo "2366"]
[BlackElo "2190"]
[PlyCount "97"]
[EventDate "2007.04.03"]
[EventType "swiss"]
[EventRounds "9"]
[EventCountry "MEX"]
[SourceTitle "CBM 117 Extra"]
[Source "ChessBase"]
[SourceDate "2007.05.09"]
[SourceVersion "1"]
[SourceVersionDate "2007.05.09"]
[SourceQuality "1"]

1. e4 c5 2. Nf3 Nc6 3. Bb5 g6 4. 0-0 Bg7 5. c3 Nf6 6. Re1 0-0 7. e5 Nd5 8. d4 cxd4 9. cxd4 d6 10. Nc3 Nxc3 11. bxc3 d5 12. h3 Bf5 13. Nh4 Bd7 14. Bd3 Na5 15. Qf3 Rc8 16. Bd2 Be6 17. Rab1 Qd7 18. Qg3 Nc4 19. Bc1 Kh8 20. Nf3 Kg8 21. Ng5 Nb6 22. Bb5 Qc7 23. Qh4 h6 24. Nxe6 fxe6 25. Bxh6 Qxc3 26. Bxg7 Kxg7 27. Re3 Qc2 28. Bd3 Qxa2 29. Bxg6 Qxf2+ 30. Qxf2 Rxf2 31. Kxf2 Kxg6 32. Ra3 Rc2+ 33. Kg1 Rd2 34. Rxa7 Nc4 35. Raxb7 Ne3 36. R1b2 Rxd4 37. Rxe7 Kf5 38. Re2 Rd3 39. g4+ Kxe5 40. g5 Kd6 41. Re8 Kd7 42. Rf8 Ke7 43. Rf3 d4 44. g6 Rd1+ 45. Kh2 Ra1 46. Rf7+ Ke8 47. Rb2 Nf1+ 48. Rxf1 Rxf1 49. Rb8+ 1-0